El ciclo del hombre lobo.
Uloženo v:
| Hlavní autor: | |
|---|---|
| Další autoři: | , |
| Médium: | Kniha |
| Jazyk: | španělština |
| Vydáno: |
Buenos Aires, Argentina:
Debolsillo,
2015.
|
| Vydání: | Cuarta edición. |
| Edice: | Best seller. Biblioteca Stephen King.
|
| Témata: | |
| Tagy: |
Přidat tag
Žádné tagy, Buďte první, kdo vytvoří štítek k tomuto záznamu!
|
MARC
| LEADER | 00000nam a22000007a 4500 | ||
|---|---|---|---|
| 003 | CL-VaPUC | ||
| 005 | 20241203143936.0 | ||
| 008 | 241126t2015 ||||| |||| 00| 0 spa d | ||
| 999 | |c 445933 |d 445931 | ||
| 020 | |a 978-987-566-709-9 | ||
| 040 | |c Pontificia Universidad Católica de Valparaíso | ||
| 082 | |2 22 |a 813 KIN 2015 | ||
| 100 | |9 592661 |a King, Stephen |e autor | ||
| 245 | |a El ciclo del hombre lobo. | ||
| 250 | |a Cuarta edición. | ||
| 260 | |a Buenos Aires, Argentina: |b Debolsillo, |c 2015. | ||
| 300 | |a 189 páginas: |b ilustraciones. | ||
| 490 | |a Best seller. Biblioteca Stephen King. | ||
| 500 | |a c.1: Donación Familia Curauma. Memo CUR 20-11-2024. | ||
| 583 | |c 20241126 |k Yessy Sthefany Diaz Vidal | ||
| 650 | 0 | |9 265217 |a Novelas estadounidenses |x Literatura de terror |x Lobos | |
| 700 | |9 894194 |a Wrightson, Berni |e ilustraciones | ||
| 700 | |9 894195 |a Adsuar Ortega, Joaquín María |e traducción | ||
| 942 | |2 ddc |c BK | ||
| 952 | |0 0 |1 0 |2 ddc |4 0 |6 813_000000000000000_KIN_2015 |7 0 |8 C |9 598273 |a BIBCUR |b BIBCUR |d 2024-11-26 |e Donación |i 5663431 |l 3 |o 813 KIN 2015 |p 5663431 |r 2025-05-08 |s 2025-05-08 |t 1 |w 2024-11-26 |y BK |k CAC | ||